000
00391nam a2200133Ia 4500
008
151001s9999||||xx |||||||||||||| ||und||
100
_a
आनंद घैसास
245
_a
युवा विज्ञान कुतूहल
250
_a
6
260
_b
मनोविकास प्रकाशन पुणे
260
_c
२०१३
300
_a
74
365
_b
22
999
_c
1002135
_d
1002132